000 00623nam a2200229Ia 4500
003 OSt
005 20220923225701.0
006 a|||||r|||| 00| 0
007 ta
008 Pun
024 _a273,594
037 _cTextual
040 _aARTS
_cARTS
_bPun
041 _2Pun
_aPun
082 _aO153,6M78:g, M5
100 _aਖੰਨਾ, ਉFਾ
_9168795
245 0 _aਬਾਵਾ ਬੁਧ ਸਿੰਘ
_b ਜੀਵਨੀ ਤੇ ਰਚਨਾ
260 _c1985
650 _aਪੰਜਾਬੀ ਸਾਹਿਤ
942 _hO153,6M78:g, M5
_cTEXL
_2CC
999 _c379844
_d379844